00309nam a2200121Ia 4500008004000000082001700040100002300057245003000080250000500110260004600115300000800161650001800169210210b2000 xxu||||| |||| 00| 0 eng d a629.283 NATC aNATHAN (Lawrence). aCar driving in two weeks. a aKingswood.bElliot Right Way Books,c2000 a191 aCar Driving